Normal view
MARC view
- Garrison, Ray H.
Entry Personal Name
001 - CONTROL NUMBER
- control field: 44731
003 - CONTROL NUMBER IDENTIFIER
- control field: OSt
005 - DATE AND TIME OF LATEST TRANSACTION
- control field: 20220315131627.0
008 - FIXED-LENGTH DATA ELEMENTS
- fixed length control field: 220315|| aca||aabn | a|a d
040 ## - CATALOGING SOURCE
- Original cataloging agency: OSt
- Transcribing agency: OSt
100 ## - HEADING--PERSONAL NAME
- Personal name: Garrison, Ray H.
- Relator term: author.
670 ## - SOURCE DATA FOUND
- Source citation: Work cat.: (OSt): Brewer, Peter C. 44729, Introduction to managerial accounting /, ©2022.
